| 000 | 00487nam a2200157Ia 4500 | ||
|---|---|---|---|
| 008 | 150610s9999 xx 000 0 und d | ||
| 020 | _a0 448089386 | ||
| 050 |
_aPS3507 _b.I9274 M84 1973 |
||
| 100 | _aDixon, Franklin W. | ||
| 245 |
_aMystery at devil's paw / _cby Franklin W. Dixon. |
||
| 260 |
_aNew York : _bGrosset & Dunlap, _c1973. |
||
| 300 |
_a180pages ; _c20 cm. |
||
| 440 | _aHardy boy mystery stories ; 38 | ||
| 520 | _aFiction. | ||
| 650 | _xDetective and mystery stories. | ||
| 999 |
_c288168 _d288168 |
||